000 00760nam0a22002411 4500
001 rc\4750792
005 20130417093933.8
035 _a(NLR Aleph) 008993048
090 _a9258940
_c9258940
100 _a20130417d1968 |||y0rusy50 ca
101 0 _arus
102 _aRU
105 _aa z |||||
200 1 _aОсобенности аэродинамики самолета ТУ-134
_fМ-во гражд. авиации СССР
210 _aМосква
_cБ. и.
_d1968
215 _a80 с.
_cил.
_d24
333 _aДля внутриведомств. продажи
700 1 _aЛигум
_bТ. И.
_gТевель Иосифович
801 0 _aRU
_bNLR
_gpsbo
801 1 _aRU
_bELAR
_2rusmarc
852 _aNLR
_j50К/14281
942 _cBOOK
980 _aNB